U.S. Cities With The Biggest Drop In Homeownership - Statistics

General Stats
  • This quiz has been taken 19 times
  • The average score is 6 of 10
Answer Stats
2005 2015 Metro Change % Correct
44.0% 29.9% Atlanta -14.1%
87%
38.7% 26.3% Miami -12.4%
73%
44.8% 31.9% Chicago -12.9%
67%
41.4% 30.2% Phoenix -11.3%
67%
54.8% 42.4% Minneapolis -12.5%
60%
39.9% 26.7% Tampa -13.2%
60%
41.0% 30.0% Columbus -11.0%
53%
40.2% 29.1% Jacksonville -11.1%
53%
48.7% 37.4% Indianapolis -11.3%
47%
31.0% 20.2% San Jose -10.8%
27%
No matching quizzes found
Score Distribution
Percent of People with Each Score
Percentile by Number Answered
Your Score History
You have not taken this quiz